Chaîne de mots "Chaîne de télé" - Statistiques

Statistiques générales
  • Ce quiz a été pris 179 fois
  • Le résultat moyen est 8 sur 32
Statistiques - réponses
Question ou émission Réponse % Correct
C'est la chaîne préférée des 3-14 ans Gulli
91%
L'amour est dans le pré M6
85%
Les Anges de la télé-réalité NRJ
67%
Forfait disposant du plus grand nombre de chaînes Canal
57%
Existe en radio venant d'une principauté RMC
50%
La plateforme culturelle européenne Arte
49%
Du même groupe que celui au dessus 6ter
43%
Encore un programme à base de sueur Sport en France
40%
Programme sur la 1 pour les enfants tôt le matin Tfou
38%
Eternal Word Television Network EWTN
29%
Chaîne regroupant le Sénat et l'Assemblée Nationale LCP
29%
C'est aussi une radio qui fait du rap (son nom est contradictoire) Skyrock
27%
Diffuse le Snooker, le cyclisme et le ski l'hiver Eurosport
24%
Nicolas Hulot présenter les émission éponymes Ushuaia
24%
Parier sur le bon cheval, c'est le cas de le dire Equidia
23%
Catfish fausse identité, Ridiculous, 17 ans et Maman MTV
20%
Chaîne a vocation familiale et féminine Teva
20%
Ces programmes sont équivalents a ceux de Disney Channel Nickelodéon
18%
L'émotion du Grand écran Ciné + Frisson
14%
Ancienne chaîne asiatique dont le nom est un plat Nem
14%
L'actualité scientifique au quotidien National Geographic
9%
L'actualité physique toutes les 15 minutes Infosport
7%
Propose le meilleur des animés japonais J-One
7%
Lancer par un opérateur, c'est Canal qui l'a repris OCS
7%
3 lettres, appartient a Warner Bros TCM
7%
Cette chaîne permet de visionner des vidéos sur demande Paramount
6%
Nos amis les bêtes Animaux
4%
Il y a de la bagarre dans chaque programme Action
3%
Top Gear, NASCAR, Motocross, Les routiers de l'Outback Automoto
3%
Chaîne allemande équivalente a Gulli KIKA
3%
Greg Lansky a créé cette chaîne pour adulte Vixen
2%
Spécialisée en Afrique pour un public typique espagnol Novelas
1%
Aucun quiz correspondant
Distribution des résultats
% des personnes avec chaque résultat
Percentile par nombre de réponses
Votre historique - résultats
Vous n’avez pas pris ce quiz